<?xml version="1.0" encoding="UTF-8"?>
<record
    xmlns:xsi="http://www.w3.org/2001/XMLSchema-instance"
    xsi:schemaLocation="http://www.loc.gov/MARC21/slim http://www.loc.gov/standards/marcxml/schema/MARC21slim.xsd"
    xmlns="http://www.loc.gov/MARC21/slim">

  <leader>01253nam a22002777a 4500</leader>
  <controlfield tag="001">79565</controlfield>
  <controlfield tag="003">BD-RjUL</controlfield>
  <controlfield tag="005">20220614131522.0</controlfield>
  <controlfield tag="008">220315s2011    bg a|||| m||| 00| 0 eng d</controlfield>
  <datafield tag="035" ind1=" " ind2=" ">
    <subfield code="a">(BD-RjUL)79565</subfield>
  </datafield>
  <datafield tag="040" ind1=" " ind2=" ">
    <subfield code="a">BD-RjUL</subfield>
    <subfield code="b">eng</subfield>
    <subfield code="c">BD-RjUL</subfield>
    <subfield code="d">BD-RjUL</subfield>
  </datafield>
  <datafield tag="041" ind1=" " ind2=" ">
    <subfield code="a">eng</subfield>
  </datafield>
  <datafield tag="082" ind1=" " ind2=" ">
    <subfield code="2">23</subfield>
    <subfield code="a">333.956</subfield>
    <subfield code="b">EHF 2011</subfield>
  </datafield>
  <datafield tag="100" ind1=" " ind2=" ">
    <subfield code="a">Ehshan, Md. Amimul</subfield>
    <subfield code="9">1884</subfield>
  </datafield>
  <datafield tag="245" ind1="1" ind2="0">
    <subfield code="a">Fisheries Resources of a Floodplain of the North-Western region of Bangladesh with reference to its environmental aspects /</subfield>
    <subfield code="c">By Md. Amimul Ehshan ;</subfield>
    <subfield code="6">Supervisor: NIM Abdus Salam Bhuiyan</subfield>
  </datafield>
  <datafield tag="260" ind1=" " ind2=" ">
    <subfield code="a">Rajshahi :</subfield>
    <subfield code="b">Institute of Environmental Science,  (IES), University of Rajshahi,</subfield>
    <subfield code="c">2011</subfield>
  </datafield>
  <datafield tag="300" ind1=" " ind2=" ">
    <subfield code="a">[xiv, 216 leaves :</subfield>
    <subfield code="b">ill, ;</subfield>
    <subfield code="c">29.cm.</subfield>
  </datafield>
  <datafield tag="502" ind1=" " ind2=" ">
    <subfield code="a">Thesis (Ph. D.) -- Institute of Environmental Science,  (IES), University of Rajshahi, 2011</subfield>
  </datafield>
  <datafield tag="504" ind1=" " ind2=" ">
    <subfield code="a">References : Leaves 181 - 197</subfield>
  </datafield>
  <datafield tag="600" ind1=" " ind2=" ">
    <subfield code="y"> 	                </subfield>
    <subfield code="9">3607</subfield>
  </datafield>
  <datafield tag="650" ind1=" " ind2=" ">
    <subfield code="a">Fishery resources</subfield>
    <subfield code="z">Bangladesh</subfield>
    <subfield code="z">Bogura District </subfield>
    <subfield code="z">Adamdighi Upazila </subfield>
    <subfield code="z">Roktodaha Beel</subfield>
    <subfield code="9">3591</subfield>
  </datafield>
  <datafield tag="650" ind1=" " ind2=" ">
    <subfield code="a">Fishes </subfield>
    <subfield code="x">Ecology.</subfield>
    <subfield code="9">3592</subfield>
  </datafield>
  <datafield tag="650" ind1=" " ind2=" ">
    <subfield code="a">Fisheries </subfield>
    <subfield code="x">Environmental aspects </subfield>
    <subfield code="z">Bangladesh</subfield>
    <subfield code="z">Bogura District</subfield>
    <subfield code="z">Adamdighi Upazila</subfield>
    <subfield code="z">Roktodaha Beel</subfield>
    <subfield code="9">3608</subfield>
  </datafield>
  <datafield tag="700" ind1=" " ind2=" ">
    <subfield code="a">Bhuiyan, NIM Abdus Salam, Supervisor </subfield>
    <subfield code="9">1886</subfield>
  </datafield>
  <datafield tag="942" ind1=" " ind2=" ">
    <subfield code="2">ddc</subfield>
    <subfield code="c">THE</subfield>
  </datafield>
  <datafield tag="999" ind1=" " ind2=" ">
    <subfield code="c">79565</subfield>
    <subfield code="d">79565</subfield>
  </datafield>
  <datafield tag="952" ind1=" " ind2=" ">
    <subfield code="1">0</subfield>
    <subfield code="2">ddc</subfield>
    <subfield code="4">0</subfield>
    <subfield code="7">1</subfield>
    <subfield code="8">THESES</subfield>
    <subfield code="a">RUCL</subfield>
    <subfield code="b">RUCL</subfield>
    <subfield code="c">Doc/The</subfield>
    <subfield code="d">2012-11-13</subfield>
    <subfield code="e">Controller of Exam. , R.U</subfield>
    <subfield code="o">THE 333.956 EHF 2011</subfield>
    <subfield code="p">D3410</subfield>
    <subfield code="r">2022-03-15 00:00:00</subfield>
    <subfield code="t">C-1</subfield>
    <subfield code="y">THE</subfield>
  </datafield>
</record>
